[Event "Ostravsky konik 2010 MCR Open"]
[Site "Ostrava"]
[Date "2010.05.07"]
[Round "7.46"]
[White "Hladík, Lumír"]
[Black "Novotný, Jaroslav"]
[Result "0-1"]
[WhiteElo "2065"]
[BlackElo "2217"]
[PlyCount "56"]
[EventDate "2010.05.09"]
[EventType "swiss"]
[EventCountry "CZE"]

1. e4 c5 2. Nf3 e6 3. d4 cxd4 4. Nxd4 Nf6 5. Nc3 Nc6 6. Be3 Bb4 7. Bd3 d5 8.
O-O Bxc3 9. bxc3 dxe4 10. Bb5 Bd7 11. Nxc6 Bxc6 12. Bxc6+ bxc6 13. Qxd8+ Rxd8
14. Bxa7 O-O 15. Bc5 Rfe8 16. a4 Nd7 17. Be3 Ra8 18. Rfd1 Ne5 19. Rd4 f5 20.
Rb4 Ra6 21. Bd4 Nd7 22. Rb7 Rd8 23. c4 Nf6 24. Bc3 Rxa4 25. Rab1 Rd7 26. Rb8+
Kf7 27. Bb4 c5 28. Bxc5 Rxc4 0-1

[Event "Ostravsky konik 2010 MCR Open"]
[Site "Ostrava"]
[Date "2010.05.07"]
[Round "7.47"]
[White "Vacek, Antonín"]
[Black "Mrva, Marek"]
[Result "0-1"]
[WhiteElo "2092"]
[BlackElo "2248"]
[PlyCount "60"]
[EventDate "2010.05.09"]
[EventType "swiss"]
[EventCountry "CZE"]

1. d4 d6 2. c4 e5 3. e3 c6 4. Nf3 Nd7 5. Nc3 Ngf6 6. Qc2 Be7 7. Bd3 O-O 8. O-O
Re8 9. h3 Bf8 10. a4 a5 11. Rd1 Qe7 12. Nd2 g6 13. dxe5 dxe5 14. e4 Nc5 15. Be2
Ne6 16. Nf3 Qc7 17. Be3 Bc5 18. Bxc5 Nxc5 19. Kh2 Kg7 20. Rd2 Nh5 21. g3 Qb6
22. Rf1 Nb3 23. Rdd1 Nf6 24. Bd3 Nd7 25. Nb5 Ndc5 26. Nd6 Re7 27. Nxc8 Rxc8 28.
Nh4 Rd8 29. f4 Red7 30. Rf3 Nd4 0-1

[Event "Ostravsky konik 2010 MCR Open"]
[Site "Ostrava"]
[Date "2010.??.??"]
[Round "8.2"]
[White "Babula, Vlastimil"]
[Black "Bernasek, Jan"]
[Result "1/2-1/2"]
[WhiteElo "2536"]
[BlackElo "2495"]
[PlyCount "183"]
[EventDate "2010.05.09"]
[EventType "swiss"]
[EventCountry "CZE"]

1. d4 Nf6 2. c4 g6 3. Nc3 d5 4. cxd5 Nxd5 5. Bd2 Nb6 6. Bf4 Bg7 7. e3 O-O 8.
Nf3 Bg4 9. Be2 N8d7 10. O-O c6 11. Bg3 Re8 12. a4 e5 13. a5 exd4 14. Nxd4 Bxe2
15. Ncxe2 Nc4 16. a6 Nxb2 17. Qc2 bxa6 18. Nxc6 Qb6 19. Ned4 Qc5 20. Qxb2 Qxc6
21. Nxc6 Bxb2 22. Rxa6 Re6 23. Rxa7 Rxa7 24. Nxa7 Ra6 25. Nb5 f5 26. f3 Nc5 27.
Rd1 Ra1 28. Rxa1 Bxa1 29. Be1 Be5 30. Bc3 Bb8 31. Bb4 Nb7 32. Kf2 Kf7 33. h3
Ke6 34. g4 Kd5 35. Bf8 Kc4 36. Na3+ Kd3 37. Nb5 Kc4 38. Nd4 Ba7 39. Ne6 Kd5 40.
Nf4+ Kc4 41. Ke2 Bb8 42. Ne6 Kd5 43. Ng5 h5 44. gxh5 gxh5 45. Bg7 Nc5 46. Bb2
Bc7 47. Nh7 Nd7 48. Ng5 Nc5 49. Ba3 Nd7 50. e4+ fxe4 51. fxe4+ Ke5 52. Bb2+ Kd6
53. Nf3 Ke6 54. Ke3 Nb6 55. Bd4 Nd7 56. Bg7 Kf7 57. Bh6 Kg6 58. Bf4 Bb6+ 59.
Ke2 Kf6 60. Bg3 Ke6 61. Nh4 Bd8 62. Ng6 Bg5 63. Nf4+ Bxf4 64. Bxf4 Nf8 65. Kf3
Ng6 66. Bc1 Ke5 67. Bd2 Nh4+ 68. Ke3 Ng6 69. Be1 Kf6 70. Bf2 Ke5 71. Bg3+ Ke6
72. Ke2 Ke7 73. Kd2 Kf6 74. Kd3 Ke6 75. Ke3 Kf6 76. Kd4 Ke6 77. e5 Ne7 78. Ke4
Ng6 79. Bh2 Nh4 80. Bf4 Ng6 81. Bg3 Ne7 82. Bh4 Ng6 83. Bf6 Nf8 84. Bh4 Ng6 85.
Bg3 Ne7 86. Kf4 Ng6+ 87. Kg5 Nxe5 88. Kxh5 Nf3 89. Kg4 Nd4 90. Bf2 Ne2 91. Kg5
Kf7 92. h4 1/2-1/2

[Event "Ostravsky konik 2010 MCR Open"]
[Site "Ostrava"]
[Date "2010.??.??"]
[Round "8.4"]
[White "Simacek, Pavel"]
[Black "Kanovsky, David"]
[Result "1-0"]
[WhiteElo "2518"]
[BlackElo "2489"]
[PlyCount "95"]
[EventDate "2010.05.09"]
[EventType "swiss"]
[EventCountry "CZE"]

1. e4 c5 2. Nf3 Nc6 3. d4 cxd4 4. Nxd4 g6 5. c4 Bg7 6. Be3 Nf6 7. Nc3 O-O 8.
Be2 d6 9. O-O Bd7 10. Nc2 a6 11. f3 Be6 12. Qd2 Rc8 13. Rac1 Nd7 14. b3 Kh8 15.
Nd5 f5 16. exf5 Rxf5 17. Bd3 Rf8 18. Rce1 Qe8 19. Bg5 Qf7 20. Nf4 Nc5 21. Nxe6
Nxe6 22. Bh4 Nf4 23. Be4 Bf6 24. Bxf6+ Qxf6 25. g3 Nh5 26. f4 Ng7 27. Ne3 Qf7
28. f5 gxf5 29. Bxf5 Nxf5 30. Nxf5 Qxf5 31. Rxf5 Rxf5 32. Rf1 Rcf8 33. Rxf5
Rxf5 34. Kg2 Kg7 35. Qe3 b5 36. Qc3+ Ne5 37. cxb5 axb5 38. a4 bxa4 39. bxa4 Rf8
40. Qc7 Kf7 41. Qb7 Rd8 42. a5 Rd7 43. Qb6 Nc4 44. Qf2+ Ke8 45. a6 Rd8 46. Qd4
Rc8 47. a7 Kd7 48. Qe4 1-0

[Event "Ostravsky konik 2010 MCR Open"]
[Site "Ostrava"]
[Date "2010.??.??"]
[Round "8.5"]
[White "Stocek, Jiri"]
[Black "Rasik, Vitezslav"]
[Result "1/2-1/2"]
[WhiteElo "2593"]
[BlackElo "2480"]
[PlyCount "74"]
[EventDate "2010.05.09"]
[EventType "swiss"]
[EventCountry "CZE"]

1. d4 Nf6 2. Nf3 g6 3. c4 Bg7 4. Nc3 O-O 5. Bf4 d6 6. h3 c5 7. d5 b5 8. Nxb5
Ne4 9. Nd2 Qa5 10. Qc2 f5 11. h4 Na6 12. f3 Nb4 13. Qc1 Nxd5 14. cxd5 Nxd2 15.
Bxd2 Qxb5 16. Bc3 Bxc3+ 17. Qxc3 Rb8 18. b3 Qb4 19. Qxb4 Rxb4 20. e3 a5 21. Bc4
Bb7 22. Kd2 Ra8 23. h5 Ba6 24. hxg6 hxg6 25. Kc3 Bxc4 26. bxc4 Rab8 27. g4 fxg4
28. Rhg1 gxf3 29. Rxg6+ Kf7 30. Rg3 Ke8 31. Rxf3 Rb2 32. Raf1 Kd7 33. R3f2 R2b4
34. Rf8 Rxf8 35. Rxf8 Ra4 36. Kb3 Rb4+ 37. Kc3 Ra4 1/2-1/2

[Event "Ostravsky konik 2010 MCR Open"]
[Site "Ostrava"]
[Date "2010.??.??"]
[Round "8.6"]
[White "Votava, Jan"]
[Black "Vokac, Marek"]
[Result "1-0"]
[WhiteElo "2587"]
[BlackElo "2454"]
[PlyCount "83"]
[EventDate "2010.05.09"]
[EventType "swiss"]
[EventCountry "CZE"]

1. e4 c5 2. Nf3 Nc6 3. d4 cxd4 4. Nxd4 Qb6 5. Nb3 Nf6 6. Nc3 e6 7. Bd3 Be7 8.
Be3 Qc7 9. f4 d6 10. Qf3 a6 11. O-O O-O 12. g4 Re8 13. g5 Nd7 14. Qg3 g6 15.
Rae1 Bf8 16. Qh4 b5 17. Rf3 Qd8 18. Rh3 h5 19. Ne2 Bg7 20. Ng3 Nf6 21. Be2 Ng4
22. Bxg4 hxg4 23. Qxg4 Bxb2 24. e5 Kg7 25. Rh7+ Kxh7 26. Qh3+ Kg8 27. Ne4 dxe5
28. f5 exf5 29. Nf6+ Qxf6 30. gxf6 e4 31. Bg5 Ba3 32. Bh6 f4 33. Qh4 Ne5 34.
Rf1 Bg4 35. Bg7 Bh5 36. Qxf4 Ng4 37. h3 Nxf6 38. Bxf6 Bf8 39. Re1 Re6 40. Rxe4
Bd6 41. Qg5 Rae8 42. Qh6 1-0

[Event "Ostravsky konik 2010 MCR Open"]
[Site "Ostrava"]
[Date "2010.??.??"]
[Round "8.7"]
[White "Haba, Petr"]
[Black "Meduna, Eduard"]
[Result "1-0"]
[WhiteElo "2513"]
[BlackElo "2443"]
[PlyCount "97"]
[EventDate "2010.05.09"]
[EventType "swiss"]
[EventCountry "CZE"]

1. e4 c6 2. d4 d5 3. Nd2 dxe4 4. Nxe4 Nd7 5. Nf3 Ngf6 6. Ng3 c5 7. Bc4 b5 8.
Be2 e6 9. O-O a6 10. Re1 Bb7 11. c4 bxc4 12. Bxc4 Be7 13. Ng5 O-O 14. Qe2 Qb6
15. Nxf7 Rxf7 16. Bxe6 Bd5 17. Bxf7+ Bxf7 18. dxc5 Bxc5 19. Be3 Bxe3 20. Qxe3
Qxe3 21. Rxe3 Rb8 22. b3 Nd5 23. Rd3 Nc5 24. Rd2 Nb4 25. Rad1 Ne6 26. f4 g6 27.
f5 gxf5 28. Nxf5 Bg6 29. Ne7+ Kf8 30. Nxg6+ hxg6 31. h4 a5 32. Rd6 Kf7 33. R1d2
Rc8 34. Kh2 Rc1 35. Re2 Nf8 36. Rf2+ Ke7 37. Rdf6 Ne6 38. Rxg6 Nc6 39. Rg4 Re1
40. Rd2 Ne5 41. Ra4 Re3 42. h5 Ng5 43. Rf2 Ne4 44. Rf4 Nf6 45. h6 Rd3 46. Rh4
Rd2 47. h7 Nf3+ 48. Kg3 Nxh4 49. h8=Q 1-0

[Event "Ostravsky konik 2010 MCR Open"]
[Site "Ostrava"]
[Date "2010.??.??"]
[Round "8.8"]
[White "Volosin, Leonid"]
[Black "Talla, Vladimir"]
[Result "1/2-1/2"]
[WhiteElo "2452"]
[BlackElo "2505"]
[PlyCount "136"]
[EventDate "2010.05.09"]
[EventType "swiss"]
[EventCountry "CZE"]

1. d4 Nf6 2. Nf3 g6 3. c4 Bg7 4. g3 O-O 5. Bg2 d6 6. O-O Nc6 7. Nc3 a6 8. Re1
Rb8 9. Rb1 Bf5 10. e4 Bg4 11. Be3 Nd7 12. Ne2 b5 13. cxb5 axb5 14. h3 Bxf3 15.
Bxf3 Na5 16. b3 c6 17. Rc1 Qc7 18. Bg2 e5 19. Qd2 Rfe8 20. Red1 Nf6 21. dxe5
dxe5 22. Qc2 Nd7 23. Rd3 Red8 24. Rcd1 Nf8 25. h4 Rxd3 26. Rxd3 Rd8 27. Rxd8
Qxd8 28. Bh3 Qc7 29. Nc1 Nd7 30. Nd3 Nb7 31. Nb4 Nb8 32. Nd3 Na6 33. a4 Nd6 34.
Nc5 Nxc5 35. Bxc5 Nb7 36. Be3 bxa4 37. bxa4 Bf8 38. Bf1 Bb4 39. Qc4 Qd6 40. Qa6
Na5 41. Bb6 Qd2 42. Qc8+ Kg7 43. Qb8 Qc3 44. Bc7 f6 45. Qd8 Bc5 46. Qd7+ Kh8
47. Qd3 Qxd3 48. Bxd3 Bb4 49. f4 Bc3 50. fxe5 fxe5 51. Kf1 c5 52. Bb5 Kg7 53.
Ke2 c4 54. Kd1 Kf6 55. Kc2 Bb4 56. g4 Ke6 57. g5 Be1 58. Ba6 Nc6 59. Bxc4+ Kd7
60. Bb6 Bxh4 61. a5 Kc8 62. Be6+ Kb8 63. Kd3 Bxg5 64. Bg8 Bd8 65. Bxd8 Nxd8 66.
Bxh7 Nc6 67. Bxg6 Nxa5 68. Bf7 Nb7 1/2-1/2

[Event "Ostravsky konik 2010 MCR Open"]
[Site "Ostrava"]
[Date "2010.05.08"]
[Round "8.9"]
[White "GM Cvek, Robert"]
[Black "GM Blatny, Pavel"]
[Result "1/2-1/2"]
[WhiteElo "2495"]
[BlackElo "2409"]
[PlyCount "147"]
[EventDate "2010.05.09"]
[EventType "swiss"]
[EventCountry "CZE"]

1. d4 Nf6 2. Nf3 d6 3. g3 g6 4. Bg2 c6 5. c4 Bg7 6. O-O O-O 7. Nc3 Qc7 8. e4
Bg4 9. Be3 Nbd7 10. Qd2 Bxf3 11. Bxf3 e5 12. d5 c5 13. Be2 Rae8 14. a3 h5 15.
h3 Kh7 16. g4 Rh8 17. Kg2 hxg4 18. hxg4 Kg8 19. Rh1 Rxh1 20. Rxh1 Nh7 21. g5 a6
22. b4 Bf8 23. Rh3 Be7 24. Rg3 Kg7 25. Na4 b6 26. Nc3 Rh8 27. b5 a5 28. Nd1 f6
29. gxf6+ Nhxf6 30. Nc3 Qd8 31. Qd1 Qg8 32. Bg4 Nxg4 33. Qxg4 Qh7 34. Rh3 Qxh3+
35. Qxh3 Rxh3 36. Kxh3 Kf7 37. Na4 Bd8 38. f3 Be7 39. Nb2 Bd8 40. Nd3 Bf6 41.
Kg4 Be7 42. f4 Bf6 43. a4 Bg7 44. fxe5 Nxe5+ 45. Nxe5+ Bxe5 46. Bd2 Bf6 47. e5
dxe5 48. Be1 Ke7 49. Bg3 Kd6 50. Kf3 Bg5 51. Ke4 Bf6 52. Bh2 Bg7 53. Bg3 Bf6
54. Ke3 Kd7 55. Kf3 Kc7 56. Bh2 Kd6 57. Kg4 Kd7 58. Bg3 Kd6 59. Be1 Kd7 60. Bd2
Kd6 61. Kf3 Kd7 62. Ke4 Kd6 63. Be3 Kd7 64. Bf2 Kc7 65. Be1 Kd7 66. Bd2 Kd6 67.
Bh6 Kc7 68. Bc1 Kd6 69. Bb2 Bg7 70. Bc3 Bf6 71. Bb2 Bg7 72. Bc1 Bf6 73. Bd2 Kd7
74. Bc3 1/2-1/2

[Event "Ostravsky konik 2010 MCR Open"]
[Site "Ostrava"]
[Date "2010.05.08"]
[Round "8.11"]
[White "IM Nun, Jiri"]
[Black "IM Konopka, Michal"]
[Result "1/2-1/2"]
[WhiteElo "2361"]
[BlackElo "2458"]
[PlyCount "25"]
[EventDate "2010.05.09"]
[EventType "swiss"]
[EventCountry "CZE"]

1. e4 d5 2. exd5 Qxd5 3. Nc3 Qa5 4. d4 c6 5. Nf3 Nf6 6. Ne5 Be6 7. Be2 g6 8.
O-O Bg7 9. Be3 O-O 10. Nd3 Bc4 11. Nc5 Bxe2 12. Qxe2 Qc7 13. Rad1 1/2-1/2

[Event "Ostravsky konik 2010 MCR Open"]
[Site "Ostrava"]
[Date "2010.05.08"]
[Round "8.12"]
[White "FM Studnicka, Tomas"]
[Black "IM Krejci, Jan"]
[Result "0-1"]
[WhiteElo "2332"]
[BlackElo "2455"]
[PlyCount "66"]
[EventDate "2010.05.09"]
[EventType "swiss"]
[EventCountry "CZE"]

1. d4 Nf6 2. c4 e6 3. Nf3 c5 4. d5 b5 5. Bg5 b4 6. Nbd2 Be7 7. Bxf6 Bxf6 8. Qc2
O-O 9. e4 d6 10. Bd3 g6 11. O-O a5 12. Rfe1 Qc7 13. Nf1 a4 14. Rad1 exd5 15.
exd5 Nd7 16. N1d2 Ne5 17. Nxe5 Bxe5 18. Nf3 Bf6 19. h3 Bd7 20. b3 Bc3 21. Re2
axb3 22. axb3 Ra3 23. Rb1 Rfa8 24. Kh2 Qd8 25. Qc1 Ra2 26. Rxa2 Rxa2 27. Kg1
Qf6 28. Qe3 Kg7 29. Rf1 h6 30. Rd1 Bf5 31. Rb1 Bd4 32. Nxd4 cxd4 33. Qf3 Bxd3
0-1

[Event "Ostravsky konik 2010 MCR Open"]
[Site "Ostrava"]
[Date "2010.05.08"]
[Round "8.13"]
[White "IM Zilka, Stepan"]
[Black "FM Mudrak, Josef"]
[Result "1-0"]
[WhiteElo "2509"]
[BlackElo "2368"]
[PlyCount "115"]
[EventDate "2010.05.09"]
[EventType "swiss"]
[EventCountry "CZE"]

1. d4 Nf6 2. c4 e5 3. dxe5 Ng4 4. Bf4 g5 5. Bg3 Bg7 6. Nf3 Nc6 7. Nc3 Ngxe5 8.
Nxe5 Nxe5 9. e3 d6 10. h4 g4 11. h5 Be6 12. h6 Bf8 13. Qc2 c6 14. O-O-O Qa5 15.
Bh4 Be7 16. Bxe7 Kxe7 17. Qd2 Qc7 18. Qd4 Rad8 19. Be2 Rhg8 20. Rh5 f6 21. b3
Qa5 22. Rhh1 d5 23. cxd5 Bxd5 24. Nxd5+ Rxd5 25. Qe4 Rg6 26. Kb1 Rd2 27. Rxd2
Qxd2 28. Rd1 Qa5 29. f4 gxf3 30. gxf3 Rg2 31. Qxh7+ Nf7 32. Qd3 Qd5 33. h7 Rh2
34. Qxd5 cxd5 35. Bd3 Ke6 36. Rc1 f5 37. Rc7 Rxh7 38. Rxb7 Rh1+ 39. Kb2 Ne5 40.
Bb5 Nxf3 41. Rxa7 Re1 42. Ra8 Kd6 43. b4 Rxe3 44. Rd8+ Ke5 45. Re8+ Kd4 46.
Rxe3 Kxe3 47. a4 Nd4 48. Bd7 f4 49. a5 f3 50. a6 f2 51. Bh3 Nb5 52. Bf1 d4 53.
Bxb5 d3 54. a7 f1=Q 55. a8=Q Qf6+ 56. Kb3 Qd4 57. Qg2 Qh4 58. Qd5 1-0

[Event "Ostravsky konik 2010 MCR Open"]
[Site "Ostrava"]
[Date "2010.05.08"]
[Round "8.16"]
[White "IM Cernousek, Lukas"]
[Black "Bures, Jaroslav"]
[Result "1-0"]
[WhiteElo "2408"]
[BlackElo "2327"]
[PlyCount "139"]
[EventDate "2010.05.09"]
[EventType "swiss"]
[EventCountry "CZE"]

1. d4 Nf6 2. c4 c5 3. d5 b5 4. cxb5 a6 5. bxa6 g6 6. Nc3 Bxa6 7. g3 Bg7 8. Bg2
d6 9. Nf3 Nbd7 10. Rb1 Nb6 11. b3 Bb7 12. Nh4 O-O 13. O-O Ng4 14. Bb2 f5 15. e4
Ba6 16. exf5 Bxf1 17. Bxf1 gxf5 18. Nxf5 Rxf5 19. Qxg4 Rf6 20. Bd3 Qd7 21. Qh5
Rh6 22. Qg5 Qh3 23. Na4 Qxh2+ 24. Kf1 Qh1+ 25. Ke2 Qh5+ 26. Qxh5 Rxh5 27. Nxb6
Rxa2 28. Na4 Kf8 29. Bc4 e6 30. dxe6 d5 31. Bd3 Ke7 32. Kf3 Bxb2 33. Rxb2 Rxb2
34. Nxb2 Kxe6 35. Na4 Kd6 36. Nc3 Ke5 37. Ne2 Rh6 38. Kg4 Rb6 39. f4+ Kf6 40.
Nc3 Rxb3 41. Nxd5+ Kg7 42. Bc4 Ra3 43. Nb6 Kf6 44. Nd7+ Ke7 45. Ne5 Kf6 46. Bd3
Kg7 47. Kh3 Ra4 48. Kg2 Rd4 49. Kf3 Rd8 50. Ke3 h6 51. Kd2 Kf6 52. Kc3 Rg8 53.
g4 Rd8 54. Kd2 Rd4 55. Ke3 Rd6 56. Bf5 Kg7 57. Nc4 Rd5 58. Be4 Rd8 59. Nd2 Rb8
60. Bd3 Kf8 61. Ne4 Rc8 62. Bc4 Ke7 63. Ng3 Kf6 64. Ne4+ Ke7 65. f5 Rc6 66. Kf4
Rb6 67. Ke5 Rb1 68. f6+ Kf8 69. Nxc5 Re1+ 70. Kf5 1-0

[Event "Ostravsky konik 2010 MCR Open"]
[Site "Ostrava"]
[Date "2010.05.08"]
[Round "8.17"]
[White "IM Biolek, Richarda"]
[Black "Kratochvil, Josef"]
[Result "1-0"]
[WhiteElo "2405"]
[BlackElo "2307"]
[PlyCount "49"]
[EventDate "2010.05.09"]
[EventType "swiss"]
[EventCountry "CZE"]

1. e4 c5 2. Nf3 d6 3. d4 cxd4 4. Nxd4 Nf6 5. Nc3 g6 6. Be3 Bg7 7. f3 a6 8. Qd2
Nbd7 9. O-O-O b5 10. g4 Bb7 11. h4 Rc8 12. h5 b4 13. Nb1 e5 14. h6 Bf8 15. g5
Ng8 16. Nb3 a5 17. Bb5 Be7 18. Bxd7+ Qxd7 19. Nxa5 Ba6 20. Qxb4 Be2 21. Rd5
Bxf3 22. Rg1 f5 23. Nd2 fxe4 24. Ndc4 Qc7 25. Bb6 1-0

[Event "Ostravsky konik 2010 MCR Open"]
[Site "Ostrava"]
[Date "2010.05.08"]
[Round "8.18"]
[White "IM Plat, Vojtech"]
[Black "Turner, Jan"]
[Result "1/2-1/2"]
[WhiteElo "2401"]
[BlackElo "2324"]
[PlyCount "39"]
[EventDate "2010.05.09"]
[EventType "swiss"]
[EventCountry "CZE"]

1. Nf3 e6 2. d4 f5 3. c4 Nf6 4. Nc3 d6 5. Bg5 Be7 6. e3 O-O 7. Bd3 Nc6 8. Qb1
h6 9. Bxf6 Bxf6 10. Ne2 Nb4 11. Ng3 Nxd3+ 12. Qxd3 Qe8 13. O-O g6 14. Nd2 e5
15. f4 e4 16. Qc3 c5 17. Nb3 b6 18. Ne2 Be6 19. Qc2 Rc8 20. d5 1/2-1/2

[Event "Ostravsky konik 2010 MCR Open"]
[Site "Ostrava"]
[Date "2010.05.08"]
[Round "8.19"]
[White "FM Vrana, Frantisek"]
[Black "FM Ponizil, Cyril"]
[Result "0-1"]
[WhiteElo "2287"]
[BlackElo "2392"]
[PlyCount "90"]
[EventDate "2010.05.09"]
[EventType "swiss"]
[EventCountry "CZE"]

1. d4 Nf6 2. c4 c5 3. Nf3 cxd4 4. Nxd4 b6 5. f3 Bb7 6. e4 d6 7. Qa4+ Nbd7 8.
Nc3 e6 9. Be3 a6 10. Be2 Rc8 11. O-O Be7 12. Rac1 O-O 13. Rfd1 Qc7 14. Bf1 Qb8
15. Qc2 Rfe8 16. Qf2 Bd8 17. Nc2 Bc7 18. Qh4 Ne5 19. Qf2 Ned7 20. Qh4 Kh8 21.
Kh1 Rg8 22. Rd2 Bd8 23. Bg5 Rc5 24. Rcd1 Rxg5 25. Qxg5 Nxe4 26. Nxe4 Bxg5 27.
Nxg5 Rf8 28. Rxd6 Ne5 29. f4 Ng4 30. Kg1 Qc7 31. h3 Qc5+ 32. R1d4 Nh6 33. b4
Qc8 34. Bd3 g6 35. Ne3 a5 36. a3 axb4 37. axb4 Qa8 38. Kh2 Qa1 39. Nc2 Qc1 40.
Nf3 Bxf3 41. gxf3 Nf5 42. Bxf5 gxf5 43. Rd8 Rxd8 44. Rxd8+ Kg7 45. Nd4 Qxf4+
0-1

[Event "Ostravsky konik 2010 MCR Open"]
[Site "Ostrava"]
[Date "2010.05.08"]
[Round "8.20"]
[White "Freisler, Pavel"]
[Black "Ramík, Zdenìk"]
[Result "0-1"]
[WhiteElo "2328"]
[BlackElo "2267"]
[PlyCount "52"]
[EventDate "2010.05.09"]
[EventType "swiss"]
[EventCountry "CZE"]

1. Nf3 c5 2. c4 g6 3. d4 cxd4 4. Nxd4 Bg7 5. Nc3 Nc6 6. Nb3 d6 7. g3 Nf6 8. Bg2
O-O 9. O-O Bf5 10. e4 Bg4 11. f3 Be6 12. Nd5 Ne5 13. Qe2 Rc8 14. Nd2 b5 15. b3
Bxd5 16. cxd5 Qb6+ 17. Kh1 Qd4 18. Rb1 Nd3 19. a4 Rc2 20. Ba3 Ra2 21. Rbd1 Rxa3
22. f4 Ra2 23. axb5 Ng4 24. Qxg4 Nf2+ 25. Rxf2 Qxf2 26. Qf3 Rxd2 0-1

[Event "Ostravsky konik 2010 MCR Open"]
[Site "Ostrava"]
[Date "2010.05.08"]
[Round "8.21"]
[White "Pacl, Václav"]
[Black "Kulhánek, Tomáš"]
[Result "0-1"]
[WhiteElo "2263"]
[BlackElo "2428"]
[PlyCount "76"]
[EventDate "2010.05.09"]
[EventType "swiss"]
[EventCountry "CZE"]

1. e4 c5 2. Nc3 a6 3. f4 b5 4. g3 Bb7 5. Bg2 e6 6. d3 d6 7. Nf3 Nd7 8. O-O Be7
9. h3 h5 10. Bd2 b4 11. Ne2 Ngf6 12. Ng5 Qc7 13. Kh1 Nh7 14. Nxh7 Rxh7 15. c3
a5 16. a3 bxa3 17. bxa3 c4 18. d4 g6 19. Be3 Rb8 20. a4 Kf8 21. Qd2 Kg7 22. f5
exf5 23. exf5 Bxg2+ 24. Kxg2 Qb7+ 25. Kg1 Qb2 26. Qe1 g5 27. Qf2 Bf6 28. Rab1
Qxb1 29. Rxb1 Rxb1+ 30. Nc1 Rh8 31. Qd2 Re8 32. Bxg5 Re1+ 33. Kf2 Rexc1 34.
Bxf6+ Kxf6 35. Qh6+ Ke7 36. Qg5+ Nf6 37. Qe3+ Kd7 38. d5 Rc2+ 0-1

[Event "Ostravsky konik 2010 MCR Open"]
[Site "Ostrava"]
[Date "2010.05.08"]
[Round "8.22"]
[White "Havlíková, Kristýna"]
[Black "Vyskocil, Neklan"]
[Result "1-0"]
[WhiteElo "2251"]
[BlackElo "2390"]
[PlyCount "89"]
[EventDate "2010.05.09"]
[EventType "swiss"]
[EventCountry "CZE"]

1. e4 c5 2. Nf3 d6 3. d4 cxd4 4. Nxd4 Nf6 5. Nc3 e6 6. Bc4 Na6 7. Bxa6 bxa6 8.
Be3 Bb7 9. f3 Be7 10. O-O O-O 11. Qe2 Qc7 12. Rad1 Rfc8 13. Bf2 Nd7 14. f4 Nb6
15. Rd3 Bf6 16. f5 Qe7 17. fxe6 fxe6 18. Qg4 Nc4 19. Rh3 Nxb2 20. Rb1 Nc4 21.
Qxe6+ Qxe6 22. Nxe6 Nb6 23. Bd4 Bxd4+ 24. Nxd4 g6 25. a4 Rc4 26. a5 Rxd4 27.
axb6 axb6 28. Rxb6 Bxe4 29. Nxe4 Rxe4 30. Rxd6 Re2 31. Ra3 a5 32. Rc6 Rd8 33.
Rd3 Rf8 34. Rf3 Rb8 35. Rb3 Rbe8 36. h3 Rd2 37. Rc7 Rd1+ 38. Kh2 Rd5 39. Rbb7
Rh5 40. Ra7 Rd8 41. c4 Kh8 42. c5 g5 43. c6 g4 44. Rd7 Rg8 45. h4 1-0

[Event "Ostravsky konik 2010 MCR Open"]
[Site "Ostrava"]
[Date "2010.05.08"]
[Round "8.23"]
[White "Nemcová, Katerina"]
[Black "Firt, Stanislav"]
[Result "1/2-1/2"]
[WhiteElo "2247"]
[BlackElo "2331"]
[PlyCount "84"]
[EventDate "2010.05.09"]
[EventType "swiss"]
[EventCountry "CZE"]

1. e4 e6 2. d4 d5 3. Nc3 Bb4 4. e5 b6 5. a3 Bf8 6. Nf3 Ba6 7. Bxa6 Nxa6 8. h4
h5 9. Ne2 Qd7 10. Qd3 Nb8 11. c3 c5 12. dxc5 bxc5 13. b4 Nc6 14. O-O Nge7 15.
Re1 Nf5 16. Bg5 Rc8 17. Rad1 Be7 18. Nf4 g6 19. bxc5 Na5 20. Nd4 Rxc5 21. Nxf5
gxf5 22. Bxe7 Qxe7 23. Rb1 Nc6 24. g3 Rc4 25. Qf3 Qc7 26. Nxd5 exd5 27. Qxd5
Ne7 28. Rb8+ Qxb8 29. Qxc4 Rh6 30. a4 Re6 31. Qe2 Ng6 32. f4 Qb6+ 33. Kh2 Rc6
34. Rc1 Ne7 35. Kh3 Nd5 36. Qd3 Ne7 37. Qf3 Qb2 38. Rd1 Qxc3 39. Qxh5 Rg6 40.
Rg1 Qd4 41. Qd1 Qxd1 42. Rxd1 a6 1/2-1/2

[Event "Ostravsky konik 2010 MCR Open"]
[Site "Ostrava"]
[Date "2010.05.08"]
[Round "8.24"]
[White "Šklíba, Martin"]
[Black "Hába, Zdenek"]
[Result "1/2-1/2"]
[WhiteElo "2309"]
[BlackElo "2233"]
[PlyCount "73"]
[EventDate "2010.05.09"]
[EventType "swiss"]
[EventCountry "CZE"]

1. d4 Nf6 2. Nf3 g6 3. c4 Bg7 4. Nc3 O-O 5. e4 d6 6. Be2 c5 7. d5 b5 8. cxb5 a6
9. O-O axb5 10. Bxb5 Ba6 11. Bxa6 Nxa6 12. Qe2 Nd7 13. Bf4 Qb6 14. e5 dxe5 15.
Nxe5 Nxe5 16. Bxe5 Bxe5 17. Qxe5 Ra7 18. b3 Nb4 19. Rad1 Qd6 20. Qg5 Qd7 21.
Qd2 Rd8 22. Rfe1 Qf5 23. Re3 Rad7 24. Qe2 Nxd5 25. Nxd5 Rxd5 26. Rxd5 Rxd5 27.
h3 e6 28. Rc3 Qf4 29. Rd3 Qc1+ 30. Kh2 Qf4+ 31. g3 Qd6 32. Rxd5 exd5 33. a4 Qc7
34. a5 Qxa5 35. Qe8+ Kg7 36. Qe5+ Kf8 37. Qxd5 1/2-1/2

[Event "Ostravsky konik 2010 MCR Open"]
[Site "Ostrava"]
[Date "2010.05.08"]
[Round "8.25"]
[White "Sochorová, Petra"]
[Black "Vaculík, Martin"]
[Result "1-0"]
[WhiteElo "2140"]
[BlackElo "2298"]
[PlyCount "63"]
[EventDate "2010.05.09"]
[EventType "swiss"]
[EventCountry "CZE"]

1. e4 e6 2. d4 d5 3. e5 c5 4. Nf3 Nc6 5. Bd3 cxd4 6. O-O f5 7. Nbd2 Nge7 8. Nb3
Ng6 9. Nbxd4 a6 10. Re1 Bc5 11. c3 Nxd4 12. cxd4 Be7 13. g3 Bd7 14. a4 O-O 15.
h4 Be8 16. Ng5 Qd7 17. h5 Nh8 18. Nh3 Nf7 19. g4 Nh6 20. Bxh6 gxh6 21. gxf5
exf5 22. Qf3 f4 23. Kh2 Kh8 24. Rg1 Bf7 25. Qxf4 Bg5 26. Nxg5 Bg6 27. e6 Rxf4
28. exd7 Rh4+ 29. Kg3 hxg5 30. hxg6 Rxd4 31. Bf5 hxg6 32. Rad1 1-0

[Event "Ostravsky konik 2010 MCR Open"]
[Site "Ostrava"]
[Date "2010.05.08"]
[Round "8.26"]
[White "Cedíková, Katerina"]
[Black "Sikorová, Olga"]
[Result "1/2-1/2"]
[WhiteElo "2195"]
[BlackElo "2268"]
[PlyCount "98"]
[EventDate "2010.05.09"]
[EventType "swiss"]
[EventCountry "CZE"]

1. d4 Nf6 2. c4 g6 3. Nc3 d5 4. Nf3 Bg7 5. g3 O-O 6. Bg2 c6 7. cxd5 cxd5 8. Ne5
b6 9. O-O Bb7 10. Be3 e6 11. Rc1 Nfd7 12. Nxd7 Qxd7 13. Qd2 Nc6 14. Rfd1 Rfc8
15. h4 Na5 16. b3 Nc6 17. Bf3 h5 18. Kg2 f5 19. Qd3 Bf6 20. Qb1 Qg7 21. Nb5 a6
22. Nd6 Rd8 23. Nxb7 Qxb7 24. Rc2 Rac8 25. Bg5 Bxg5 26. hxg5 Nb4 27. Rcc1 Qe7
28. e3 Qxg5 29. a3 Nc6 30. Qd3 Nb8 31. Rc3 Qe7 32. b4 b5 33. Rdc1 Rc4 34. Be2
Rdc8 35. Qd2 Rxc3 36. Rxc3 Qb7 37. Qc2 Rxc3 38. Qxc3 Qc6 39. Qb2 Nd7 40. a4 Nb6
41. axb5 axb5 42. Qa1 Na4 43. Qf1 Nc3 44. Qc1 Qc7 45. Bd3 Kf7 46. Qa3 Qc6 47.
Qc1 Qc7 48. Qa3 g5 49. Qa8 Qd7 1/2-1/2

[Event "Ostravsky konik 2010 MCR Open"]
[Site "Ostrava"]
[Date "2010.05.08"]
[Round "8.28"]
[White "Nedela, Vlastimil"]
[Black "Kozák, Miloš"]
[Result "1/2-1/2"]
[WhiteElo "2347"]
[BlackElo "2184"]
[PlyCount "84"]
[EventDate "2010.05.09"]
[EventType "swiss"]
[EventCountry "CZE"]

1. e4 c6 2. d4 d5 3. Nc3 dxe4 4. Nxe4 Bf5 5. Ng3 Bg6 6. Nf3 Nd7 7. h4 h6 8. h5
Bh7 9. Bd3 Bxd3 10. Qxd3 e6 11. Bf4 Qa5+ 12. Bd2 Bb4 13. c3 Be7 14. c4 Qc7 15.
O-O-O Ngf6 16. Ne4 Nxe4 17. Qxe4 Nf6 18. Qe2 O-O-O 19. g3 Rhf8 20. Kb1 Kb8 21.
Bc3 Qb6 22. Ne5 Ka8 23. Qe1 Qa6 24. Ba5 Rc8 25. Rd3 b6 26. Bc3 b5 27. Bb4 Bxb4
28. Qxb4 bxc4 29. Rc3 Qb7 30. Qxb7+ Kxb7 31. Nxc4 Rfd8 32. Ne5 Kb6 33. Nc4+ Kb7
34. Ne5 Rc7 35. Rhc1 Rd6 36. Rb3+ Kc8 37. Rbc3 Kb7 38. Nc4 Rd5 39. f3 Nxh5 40.
Ne5 Rd6 41. Nc4 Rd5 42. f4 Nf6 1/2-1/2